Normal view
MARC view
Entry Nombre personal
001 - NÚMERO DE CONTROL
- campo de control: 62946
003 - IDENTIFICADOR DE NÚMERO DE CONTROL
- campo de control: OSt
005 - FECHA Y HORA DE LA ÚLTIMA TRANSACCIÓN
- campo de control: 20240103181157.0
008 - ELEMENTOS DE DATO DE LONGITUD-FIJA
- campo de control de longitud fija: 040811 n acnnnaaan n bnn d
040 ## - FUENTE DE CATALOGACIÓN
- Centro catalogador/agencia de origen: OSt
- Centro/agencia transcriptor: OSt
100 20 - ENCABEZAMIENTO-NOMBRE DE PERSONA
- Nombre de persona: Hernández Girbal, F.,
- Fechas asociadas al nombre: 1902-2002
400 00 - TRAZADO DE VÉASE--NOMBRE DE PERSONA
- Nombre de persona: Hernández Girbal, Florentino
954 ## - CATALOGADOR -ALTA REGISTRO
- Nombre del catalogador: Inmaculada Vicente Garcia
